Daten der Weimarer Republik - Statistiken

Allgemein
  • Dieses Quiz wurde 28 mal gespielt
  • Das Durchschnittsergebnis liegt bei 2 aus 91
Antwortstatistiken
Hint Antwort % Korrekt
30. Januar 1933 Präsidialkabinett Hitler
65%
11. November 1918 Unterzeichnung des Waffenstillstands in Compiègne
45%
13.-17. März 1920 Kapp-Lüttwitz-Putsch
25%
5.-11. Januar 1919 „Spartakusaufstand“ in Berlin
25%
8. Januar 1918 „14-Punkte-Plan“ des amerikanischen Präsidenten Wilson
15%
24. Oktober 1929 Schwarzer Freitag
15%
6. Juni 1920 Reichstagswahl
10%
28. Juni 1919 Unterzeichnung des Friedensvertrags in Versailles
10%
3. Oktober 1918 Bildung der Regierung Max von Baden unter Beteiligung von SPD, Zentrum und Liberalen
5%
10. November 1918 Bildung des Rates der Volksbeauftragten aus SPD und USPD, "Ebert-Groener-Pakt"
5%
9. November 1918 (Vormittag) Max von Baden verkündet Abdankung des Kaisers
5%
9. November 1918 (14 Uhr) Philipp Scheidemann ruft die "Deutsche Republik" aus
5%
20. Mai 1928 Reichstagswahl
5%
26. September 1923 Abbruch des passiven Widerstands, Verhängung des Ausnahmezustands
0%
29. August 1924 Annahme des Dawes-Plan durch den Reichstag
0%
16. Juli 1927 Annahme Gesetz über Arbeitslosenversicherung und Arbeitsvermittlung
0%
14. Juni 1932 Aufhebung des SA- und SS-Verbots
0%
12. September 1932 Auflösung des Reichstags nach Misstrauensvotum
0%
8. September 1926 Aufnahme Deutschlands in den Völkerbund
0%
28./29. Dezember 1918 Austritt der USPD aus dem Rat der Volksbeauftragten
0%
13. Juli 1931 Beginn der Bankenkrise
0%
19. Oktober 1930 Beginn der Tolerierungspolitik der SPD
0%
3. November 1918 Beginn des Matrosenaufstandes in Kiel
0%
11. Januar 1923 Besetzung des Ruhrgebiets durch französische und belgische Truppen
0%
4. Januar 1933 Besprechung von Papens mit Hitler
0%
9. April 1924 Dawes-Plan: jährliche deutsche Reparationszahlungen von 2,5 Mrd. Mark
0%
15. November 1923 Einführung der Reichsmark
0%
30.Mai/1. Juni 1932 Entlassung Brünings, Franz von Papen neuer Reichskanzler
0%
15. Januar 1919 Ermordung Karl Liebknechts und Rosa Luxemburgs
0%
26. August 1921 Ermordung Matthias Erzbergers durch Rechtextremisten
0%
24. Juni 1922 Ermordung Walther Rathenaus durch Rechtsextremisten
0%
2. Dezember 1932 Ernennung von Schleichers zum Reichskanzler
0%
18. Januar 1919 Eröffnung der Friedenskonferenz in Paris
0%
6. Februar 1919 Eröffnung der Nationalversammlung in Weimar
0%
23. Januar 1930 Erste Beteiligung der NSDAP an einer Landesregierung in Thüringen
0%
5. Mai 1921 Festsetzung der Reparationsschuld auf 132 Mrd. Goldmark
0%
5. Mai 1926 Flaggenverordnung Hindenburgs:
0%
30. Dezember 1918 Gründung der KPD
0%
13. August 1932 Hindenburg lehnt Hitlers Forderung auf Ernennung zum Reichskanzler ab
0%
26. April 1925 Hindenburg zum Reichspräsidenten gewählt
0%
8./9. November 1923 Hitler-Putsch in München
0%
1. April 1924 Hitler zu 5 Jahren Festungshaft wegen Hochverrats verurteilt
0%
Februar 1932 Höhepunkt der Arbeitslosigkeit
0%
20. Juni 1931 Hoover-Moratorium
0%
28. Juni 1928 Kabinett der Großen Koalition um Hermann Müller
0%
9. November 1918 (16 Uhr) Karl Liebknecht ruft die "Freie Sozialistische Republik Deutschland" aus
0%
März bis Mai 1920 Kommunistische Aufstände im Ruhrgebiet und in Mitteldeutschland
0%
März 1921 Kommunistische Aufstände in Sachsen, Hamburg und Ruhrgebiet
0%
1. Juni 1929 Kommunistische Unruhen in Berlin
0%
16. Juni – 9. Juli 1932 Konferenz von Lausanne
0%
5. – 16. Oktober 1925 Konferenz von Locarno
0%
9. November 1918 (Mittag) Max von Baden überträgt Amt des Reichskanzlers auf Friedrich Ebert
0%
23. Dezember 1918 Meuterei der Volksmarinedivision in Berlin
0%
29. September 1918 OHL fordert sofortigen Waffenstillstand
0%
9. Februar – 3. Juni 1929 Pariser Konferenz zur Revision der Reparationsregelungen (Young-Plan)
0%
28. Oktober 1918 Parlamentarisierung durch Änderung der Reichsverfassung
0%
30. Juni 1930 Räumung des Rheinlands durch alliierte Truppen abgeschlossen
0%
14. Juli – 1. August 1925 Räumung des Ruhrgebiets von alliierten Truppen
0%
13. Februar 1919 Regierung Scheidemann – „Weimarer Koalition“
0%
21. Oktober 1923 Reichsexekution gegen Sachsen
0%
16.-20. Dezember 1918 Reichsrätekongress in Berlin, beschließt Wahlen zur Nationalversammlung
0%
20. Januar 1930 Reichsregierung unterzeichnet Young-Plan
0%
4. Mai 1924 Reichstagswahlen
0%
7. Dezember 1924 Reichstagswahlen
0%
31. Juli 1932 Reichstagswahlen
0%
6. November 1932 Reichstagswahlen
0%
14. September 1930 Reichstagswahl mit starken Stimmengewinnen der NSDAP
0%
Januar – März 1921 Reparationskonferenzen in Paris und London
0%
27./28. März 1930 Rücktritt des Kabinetts Müller, Heinrich Brüning wird Reichskanzler
0%
28. Januar 1933 Rücktritt Schleichers
0%
31. Januar 1927 Rückzug der interalliierten Militärkommission zur Kontrolle der Rüstung
0%
22. Dezember 1929 Scheitern des Volksbegehrens gegen den Young-Plan
0%
9. August 1931 Scheitern Stahlhelm-Volksbegehrens
0%
Oktober/November 1923 Separatistische Bestrebungen im Rheinland und der Pfalz
0%
16. Oktober 1920 Spaltung der USPD
0%
20. Juli 1932 Staatsstreich von Papens gegen preußische Regierung
0%
10. Dezember 1926 Stresemann erhält Friedensnobelpreis
0%
12. Oktober 1921 Teilung Oberschlesiens durch Völkerbund beschlossen
0%
3. Oktober 1929 Tod Gustav Stresemanns
0%
28. Februar 1925 Tod von Reichspräsident Ebert
0%
13. April 1932 Verbot von SS und SA
0%
24. September 1922 Vereinigung der Rest-USPD mit SPD
0%
4. – 7. Dezember 1920 Vereinigung des linken Flügels der USPD mit der KPD
0%
13. Januar 1923 Verkündigung des passiven Widerstands
0%
16. April 1922 Vertrag von Rapallo zwischen Deutschland und Sowjetunion
0%
20. März 1921 Volksabstimmung in Oberschlesien über Zugehörigkeit zu Deutschland oder Polen
0%
17. Dezember 1924 Vorzeitige Entlassung Hitlers
0%
19. Januar 1919 Wahlen zur Nationalversammlung
0%
11. Februar 1919 Wahl Friedrich Eberts zum Reichspräsidenten
0%
10. April 1932 Wiederwahl Hindenburgs zum Reichspräsidenten
0%
15. November 1918 „Zentralarbeitsgemeinschafts-Abkommen“ zwischen Gewerkschaften und Unternehmerverbänden
0%
Keine übereinstimmenden Quizze gefunden
Verteilung der Resultate
Anzahl Personen mit jedem Resultat
Perzentil nach korrekt beantworteten Fragen
Ihre Resultats-Entwicklung
Sie haben dieses Quiz noch nicht gespielt